Statistics for German - Accusative/Dative Prepositions

Click here to take the quiz!

General Stats

  • This quiz has been taken 49 times
  • The average score is 7 of 9

Answer Stats

HintAnswer% Correct
in, intoin
91%
underunter
91%
above, aboutüber
86%
in front of, agovor
86%
on, ontoauf
82%
behindhinter
77%
betweenzwischen
73%
about, on, at, toan
68%
next toneben
68%

Score Distribution

Percentile by Number Answered

Percent of People with Each Score

Your Score History

You have not taken this quiz